| 000 | 00689nam a22001577a 4500 | ||
|---|---|---|---|
| 003 | OSt | ||
| 005 | 20150916092352.0 | ||
| 008 | 150916b xxu||||| |||| 00| 0 eng d | ||
| 040 | _cRUA | ||
| 082 | _aAGR PHU 2001 B027 Or.1 | ||
| 100 |
_9554 _aPHUONG, DARA. |
||
| 245 | _aa study of impact of imp farmer field school on farmer learning and rice produuction in kandal province (ការសិក្សាអំពីឥទ្ធិពលរបស់សាលារៀនស្រែកសិការ និងទិន្នផលដំណាំស្រូវនៅខេត្តកណ្តាល) | ||
| 260 |
_aPhnom Penh _bRUA _c2001 |
||
| 300 |
_a36p. _bill. _c29cm. |
||
| 942 |
_2ddc _cAGR |
||
| 999 |
_c531 _d531 |
||